00240nam a22000977a 4500040000700000082000800007100001600015245007200031260002900103300001000132 cHS a636 aG.I.BARROW  aCowan and steel's manual for the identification of medical bacteria aAmericanbG.I.BARROWcNA a238p.